000 01430cam a22003737a 4500
003 CHAP
005 20220817041545.0
008 971013s1994 r 00010 d
010 _a17980
011 _a18952
035 _a23037
040 _cCHAP
082 _a631.4
_bP8
100 0 0 _aPuignau, Juan P.
_eed.
_992961
245 0 _aMetodologías para investigación en manejo de suelos
260 _aMontevideo :
_bPrograma Cooperativo para el Desarrollo Tecnológico Agropecuario del Cono Sur,
_c1994
300 _a73 p.
_b: ilus.
410 _aPrograma Cooperativo para el Desarrollo Tecnológico Agropecuario del Cono Sur
490 0 _aDiálogo
_v; XXXIV
590 _aBATCH-UPD
_b10
_c20130110
_lUCH01
_h0211
590 _aBATCH-UPD
_b10
_c20130110
_lUCH01
_h1527
590 _aBATCH-UPD
_b10
_c20130410
_lUCH01
_h0936
590 _aBATCH-UPD
_b10
_c20130914
_lUCH01
_h1926
590 _aCONVERSION
_b10
_c20130109
_lUCH01
_h1311
650 1 4 _aSuelos
_xEstructura.
_9110360
650 1 4 _aSuelos
_xManejo.
_9110423
650 1 4 _aSuelos
_xQuímica de.
_9110470
711 0 _aReunión sobre Metodología para Investigación en Manejo de Suelos (1990 : Passo Fundo, RS, Brasil)
_996644
810 _aPrograma Cooperativo para el Desarrollo Tecnológico Agropecuario del Cono Sur
830 0 0 _aDiálogo
_v; XXXIV
_932636
901 _aBK
942 _cLIBRO
949 _a631.4 P8
_bBC
_cLIBRO
_d33724000063996
_eLIBRO
_h87196
_i23037
_si
999 _c17980
_d17980